Face detection and recognition: Theory and practice (Record no. 20544)

MARC details
000 -LEADER
fixed length control field 00481nam a2200169Ia 4500
008 - FIXED-LENGTH DATA ELEMENTS--GENERAL INFORMATION
fixed length control field 230917s9999||||xx |||||||||||||| ||und||
020 ## - ISBN
Price GBP67.99
040 ## - CATALOGING SOURCE
-- 237044
Original cataloging agency VIVEKANANDA LIBRARY
041 ## - Language
-- English
082 ## - DDC NUMBER
Classification number 006.4 D262F
100 ## - MAIN ENTRY--PERSONAL NAME
Personal name Datta, Asit Kumar
245 #0 - TITLE STATEMENT
Title Face detection and recognition: Theory and practice
260 ## - PUBLICATION, DISTRIBUTION, ETC. (IMPRINT)
Place of publication, distribution, etc Boca Raton
Name of publisher, distributor, etc CRC Press
Date of publication, distribution, etc 2016
300 ## - PHYSICAL DESCRIPTION
Pages xxv, 325 p.
500 ## - GENERAL NOTE
General note 2534 10/01/2017 RBP17/63262 23/01/2017 GENETICS DIST-FIST
942 ## - ADDED ENTRY ELEMENTS (KOHA)
Koha item type Books
Holdings
Withdrawn status Lost status Damaged status Not for loan Location (home branch) Sublocation or collection (holding branch) Date acquired Koha issues (times borrowed) Koha full call number Accession No. Koha date last seen Koha item type
        VIVEKANANDA LIBRARY VIVEKANANDA LIBRARY 09/02/2017   006.4 D262F 354812 17/09/2023 Books
© Designed and Maintained by Vivekananda Library, MDU Rohtak